00560 2200205 4500001002100000005001500021035002000036245008000056100001400136250000600150300003500156700002200191260003600213082001300249084001900262020002200281650001700303990001700320990001700337INLIS00000000000005820180811112045 a0010-08180000221 aKumpulan Doa - Doa dalam Al-Qur'an+ /cRahmayati; Editor, Hawari L. Ibrahim0 aRahmayati a- aiv, 44 hlm. :bilus. ;c21 cm.0 aHawari L. Ibrahim aJakarta :bCV Megah Jaya,c2009 a297.3824 a297.3824 RAH k a978-602-8382-28-1 aKumpulan Doa a00243/P/2018 a00244/P/2018